000
00306nam a22001337a 4500
008
170830b xxu||||| |||| 00| 0 eng d
020
_a
9781412967709
041
_a
eng
080
_2
4 ED
_a
070
100
_a
39
101
_a
MED
245
_a
INTERCULTURAL COMMUNICATION
_c
NEULIEP.J.W
942
_2
udc
_c
BK
999
_c
25577
_d
25577